000 00682nam a2200289Ia 4500
005 20260324133353.0
008 008 260324s9999 xx 000 0 eng d
020 _a9780203412312
037 _aEBOOK
040 _aCRL
040 _beng
040 _cCRL
041 _2eng
041 _aeng
084 _qCRL
100 _aBrian C. Folk; K. S. Jomo
_91192834
245 0 _aEthnic Business
245 0 _bChinese Capitalism in Southeast Asia
260 _bTaylor and Francis
260 _c2003
365 _a
365 _b220
856 _uhttp://www.taylorfrancis.com/books/9780203412312
942 _cEBOOK
999 _c1791805
_d1791805